Online
Catalog

Historia informal del teatro norteamericano : (Record no. 2975)

MARC details
000 -CABECERA
campo de control de longitud fija 01025nam a2200265 a 4500
001 - NÚMERO DE CONTROL
campo de control 000003144
005 - FECHA Y HORA DE LA ÚLTIMA TRANSACCIÓN
campo de control 20200929150337.0
008 - DATOS DE LONGITUD FIJA--INFORMACIÓN GENERAL
campo de control de longitud fija 771130s1966 ag 001 0 spa
040 ## - FUENTE DE LA CATALOGACIÓN
Centro catalogador/agencia de origen DO-SdBNP
Lengua de catalogación spa
Centro/agencia transcriptor BNPHU
041 17 - CÓDIGO DE LENGUA
Código de lengua del texto/banda sonora o título independiente spa
Código de lengua original eng
Fuente del código Código de idioma MARC
082 ## - NÚMERO DE LA CLASIFICACIÓN DECIMAL DEWEY
Número de clasificación 792.0973
Número de documento/Ítem K94h
100 1# - ENTRADA PRINCIPAL--NOMBRE DE PERSONA
Nombre de persona Krutch, Joseph Wood,
Fechas asociadas al nombre 1893 -1970
9 (RLIN) 9919
240 14 - TÍTULO UNIFORME
Título uniforme The American drama since 1918: an informal history.
Lenguaje de la obra Español
245 10 - MENCIÓN DE TÍTULO
Título Historia informal del teatro norteamericano :
Resto del título a partir de 1918 /
Mención de responsabilidad, etc. Joseph Wood Krutch; traducción, Aníbal Leal.
260 ## - PUBLICACIÓN, DISTRIBUCIÓN, ETC.
Lugar de publicación, distribución, etc. Buenos Aires :
Nombre del editor, distribuidor, etc. Hobbs-Sudamericana,
Fecha de publicación, distribución, etc. 1966.
300 ## - DESCRIPCIÓN FÍSICA
Extensión 263 p. ;
Dimensiones 19 cm.
490 1# - MENCIÓN DE SERIE
Mención de serie Hombre y Literatura
500 ## - NOTA GENERAL
Nota general Incluye índice de autores y obras
500 ## - NOTA GENERAL
Nota general Traducido del inglés:
650 #4 - PUNTO DE ACCESO ADICIONAL DE MATERIA--TÉRMINO DE MATERIA
Término de materia o nombre geográfico como elemento de entrada Teatro estadounidenses
Subdivisión general Historia y crítica
9 (RLIN) 9920
650 #4 - PUNTO DE ACCESO ADICIONAL DE MATERIA--TÉRMINO DE MATERIA
Término de materia o nombre geográfico como elemento de entrada Literatura estadounidense
Subdivisión general Historia y crítica
9 (RLIN) 6786
700 1# - PUNTO DE ACCESO ADICIONAL--NOMBRE DE PERSONA
Nombre de persona Leal, Aníbal,
Término indicativo de función/relación tr.
9 (RLIN) 4573
830 #0 - PUNTO DE ACCESO ADICIONAL DE SERIE-TÍTULO UNIFORME
Título uniforme Hombre y Literatura
9 (RLIN) 9921
910 ## - DATOS DE OPCIÓN DEL USUARIO (OCLC)
Datos de opción del usuario Validado. Control de calidad BNPHU
Holdings
Estado de retiro Estado de pérdida Restricciones de uso No para préstamo Código de colección Localización permanente Ubicación/localización actual Ubicación en estantería Fecha de adquisición Número de inventario Total de préstamos Signatura topográfica completa Código de barras Fecha visto por última vez Precio válido a partir de Tipo de ítem Koha
    Préstamo interno   Monografías: Libros y Folletos General General En catalogación 14.07.2009 LF1   792.0973 K94h 3144-10 25.06.2020 25.06.2020 Préstamo interno

Powered by Koha